00179nam a2200073Ia 4500008004100000082000800041100002300049245003300072240331s9999 xx 000 0 und d bPER aArangaswamy, P. ed 0aPerunchol Aharathi :bPart 2